Химия синтетических красителей: пер. с англ.

Detalles Bibliográficos
Otros Autores: Венкатараман К. (редактор)
Lenguaje:ruso
Publicado: Ленинград, Химия, 1956-1977
Formato: MixedMaterials Libro
KOHA link:https://koha.lib.tpu.ru/cgi-bin/koha/opac-detail.pl?biblionumber=255150

MARC

LEADER 00000nam1a2200000 4500
001 255150
005 20231031215055.0
035 |a (RuTPU)RU\TPU\book\277653 
090 |a 255150 
100 |a 20140326d1956 m y0rusy50 ca 
101 1 |a rus  |c eng 
102 |a RU 
200 1 |a Химия синтетических красителей  |e пер. с англ.  |f под ред. К. Венкатарамана 
210 |a Ленинград  |c Химия  |d 1956-1977 
702 1 |a Венкатараман  |b К.  |4 340 
801 1 |a RU  |b 63413507  |c 20140326 
801 2 |a RU  |b 63413507  |c 20171129  |g RCR 
942 |c BK